El mundo cambia...¿Cambia la Argentina? (Registro nro. 18229)

Detalles MARC
000 -LEADER
fixed length control field 00361 a2200121 4500
001 - CONTROL NUMBER
control field ART_13099
005 - DATE AND TIME OF LATEST TRANSACTION
control field 20260410161735.0
008 - FIXED-LENGTH DATA ELEMENTS--GENERAL INFORMATION
fixed length control field 260409a
100 1# - MAIN ENTRY--PERSONAL NAME
Personal name Floria, Carlos A.
245 10 - TITLE STATEMENT
Title El mundo cambia...¿Cambia la Argentina?
700 1# - ADDED ENTRY--PERSONAL NAME
Personal name Szewach, Enrique
773 0# - HOST ITEM ENTRY
Title Ejecutivos de finanzas
Related parts - Año 7, Nº 68 (ago. 1990)
Record control number REV2863

No hay ítems disponibles.